| 000 | 01176 a2200217 4500 | ||
|---|---|---|---|
| 003 | NUST | ||
| 005 | 20230209123624.0 | ||
| 010 | _a 94930556 | ||
| 020 | _a9698031197 : | ||
| 040 | _cNust | ||
| 082 | 0 | 0 | _a954.91,MAT |
| 100 | 1 | _aMatinuddin, Kamal. | |
| 245 | 1 | 0 |
_aTragedy of errors : _bEast Pakistan crisis, 1968-1971 / _cKamal Matinuddin. |
| 250 | _a1st ed. | ||
| 260 |
_aLahore, Pakistan : _bWajidalis, _c1994. |
||
| 300 |
_a530 p. : _bill., maps ; _c23 cm. |
||
| 505 | _aCauses of the Alienation of the eastern Wing (Page-47), Remedial Measures Taken (Page-93), Political Quagmire (Page-115), Mukti Bahini (Page-221), Military Action (Page-241), India Role in the Dismemberment of Pakistan (Page-273), Role of other Countries in the East Pakistan Crisis (Page-303), Indo –Pakistan War 1971 (Page-333), At the United Nations (Page-443), Causes of the Military Debacle in East Pakistan (Page-457), Causes of the Dismemberment of Pakistan (Page-473), Impact of the Emergence of Bangladesh on India Bangladesh and Pakistan (Page-483). | ||
| 650 | 0 | _aIndia-Pakistan Conflict, 1971. | |
| 651 | 0 |
_aBangladesh _xHistory _yRevolution, 1971. |
|
| 942 |
_2ddc _cBK _k954.91,MAT |
||
| 999 |
_c194751 _d194751 |
||